1958 1250 1565 1425 1884 1641 1127 1236 1735 1968 1654 1870 1402 1080 1560 1106 1547 1234 1726 1003 1889 1245 1215 1700 1915 1424 1573 1706 1616 1357 1776 1695 1821 1434 1589 1155 1081 1494 1882 1248 1861 1366 1966 1408 1859 1758 1228 1957 1381 1594 1828 1448 1150 1207 1134 1829 1127 1428 1266 1674 1600 1760 1884 1877 1106 1234 1220 1845 1623 1403 1507 1753 1427 1727 1016 1818 1832 1444 1293 1980 1792 1334 1896 1383 1230 1276 1017 1371 1209 1137 1499 1842 1532 1045 1607 1225 1239 1411 1739 BCNSPRNW ULIB Ver.6.0+V

เปลี่ยนเป็นภาษาไทย

Change to English
 แสดงรายละเอียดบรรณานุกรม
  กลับหน้าหลัก

Brief Record : Get Marc (ISO 2709) : E-mail record : QR code < ปิดหน้าต่าง
LEADER : 00000nam 2200000uu 4500
001    13399112328
003     ULIB
008    110627s2554||||th 000 0 tha d
020    9789746908078
090    นว.^bฝ152น
100 0  ฝันหวาน
245 00 ในสวนรัก เล่ห์...ลวง...บ่วงดอกไม้/^cฝันหวาน
260    กรุงเทพฯ :^bบุ๊คส์เลิฟเวอร์,^c2554
300    382 หน้า
710 1  บุ๊คส์เลิฟเวอร์
945    ^p210^l0^i030398
995    ทศพร
999 ^a ใช้งานได้ทุกระบบ
รายการนี้ยังไม่มีแท็ก
คุณยังไม่ได้ล็อกอิน คุณสามารถมีกิจกรรมร่วมกับเว็บไซต์ได้ แต่ต้องล็อกอินก่อน ::
  ล็อกอิน

รายการสื่อสารสนเทศ

ลำดับที่ ประเภท เลขเรียก/บาร์โค้ด สถานที่ สถานะ
1. นวนิยาย
นวนิยาย
นว. ฝ152น ฉ.1 
  Barcode: 030398
ห้องสมุดวิทยาเขตสวรรค์ประชารักษ์
►นวนิยาย
บนชั้น
  ขอยืม

BibComment


ยังไม่เคยถูกคอมเมนท์

คอมเมนท์ทรัพยากรรายการนี้
  คอมเมนท์: ในสวนรัก เล่ห์ลวง..


 Copyright 2026. Bcnsprnw @Library